[Event "AUTO-INT-3786"]
[Site "http://www.queenalice.com/game.php?id=1801680"]
[Date "2022.12.10"]
[Round "1"]
[White "ilbarbierefallito"]
[Black "askasl159"]
[Result "1/2-1/2"]
[WhiteElo "1537"]
[BlackElo "1523"]

1. e4 e5 2. Nf3 Nc6 3. Be2 Bc5 4. O-O Nf6 5. Nc3 O-O 6. a3 d6 7. b4 Bb6 8. Na4
Bd4 9. c3 Bb6 10. Nxb6 axb6 11. b5 Na5 12. d3 c6 13. bxc6 bxc6 14. Bb2 Be6 15.
c4 b5 16. Nd2 bxc4 17. Nxc4 d5 18. Nxe5 Qd6 19. exd5 Bxd5 20. Nc4 Bxc4 21. dxc4
Rfd8 22. Qxd6 Rxd6 23. Rad1 Rad8 24. Rxd6 Rxd6 25. Rd1 Rxd1+ 26. Bxd1 Nxc4 27.
Bxf6 gxf6 28. a4 f5 29. Be2 Na5 30. Bd3 f4 31. Kf1 c5 32. Ke2 c4 33. Bc2 Kg7 34.
Kd2 h5 35. Kc3 Kf6 36. Kb4 Nb7 37. Kxc4 Ke5 38. Kb4 Kd5 39. Kb5 Kd6 40. Kb6 Nc5
41. a5 Nd7+ 42. Ka7 Kc7 43. Bd1 h4 44. Bg4 Nc5 45. Bh5 f6 46. g3 fxg3 47. fxg3
hxg3 48. hxg3 Ne4 49. g4 1/2-1/2

[Event "AUTO-INT-3786"]
[Site "http://www.queenalice.com/game.php?id=1801681"]
[Date "2022.12.10"]
[Round "1"]
[White "askasl159"]
[Black "ilbarbierefallito"]
[Result "0-1"]
[WhiteElo "1542"]
[BlackElo "1520"]

1. e4 c5 2. Nf3 d6 3. Bb5+ Nc6 4. O-O e5 5. Bxc6+ bxc6 6. h3 Nf6 7. Nc3 Be7 8.
d3 O-O 9. Bg5 h6 10. Bxf6 Bxf6 11. b3 Qa5 12. Qd2 Qc7 13. Na4 Be7 14. c4 Rd8 15.
b4 cxb4 16. Qxb4 d5 17. Qb3 dxe4 18. dxe4 Bd7 19. Rad1 c5 20. Rd5 f6 21. Nh4 Be6
22. Rd3 Rd4 23. Rfd1 Bxc4 24. Qc2 Bxd3 25. Rxd3 Rxe4 26. Rd7 Re1+ 27. Kh2 Qxd7
28. Qc4+ Kh7 29. Nc3 Qd4 0-1

[Event "AUTO-INT-3786"]
[Site "http://www.queenalice.com/game.php?id=1801682"]
[Date "2022.12.10"]
[Round "1"]
[White "ilbarbierefallito"]
[Black "xadreco5"]
[Result "0-1"]
[WhiteElo "1597"]
[BlackElo "1822"]

1. e4 e5 2. Nf3 Nc6 3. Be2 Nf6 4. Nc3 Bb4 5. a3 Bxc3 6. bxc3 O-O 7. O-O Nxe4 8.
Bb2 d5 9. d3 Nf6 10. Qd2 e4 11. dxe4 dxe4 12. Qxd8 Rxd8 13. Nd4 Bd7 14. Nb5 Ne8
15. Rfe1 a6 16. Nd4 Nf6 17. Rad1 Re8 18. Nxc6 Bxc6 19. Bc4 b5 20. Bb3 Rad8 21.
Rxd8 Rxd8 22. c4 Ng4 23. cxb5 axb5 24. h3 Nh6 25. f3 exf3 0-1

[Event "AUTO-INT-3786"]
[Site "http://www.queenalice.com/game.php?id=1801683"]
[Date "2022.12.10"]
[Round "1"]
[White "xadreco5"]
[Black "ilbarbierefallito"]
[Result "1-0"]
[WhiteElo "1829"]
[BlackElo "1590"]

1. d4 d5 2. c4 c6 3. Nc3 e6 4. cxd5 cxd5 5. Nf3 Nc6 6. e3 Nf6 7. Bb5 Be7 8. Ne5
Qc7 9. Nxc6 bxc6 10. Ba4 O-O 11. Qc2 Ba6 12. b4 Bxb4 13. Bd2 Bd6 14. g3 Rfb8 15.
e4 Rb6 16. e5 Be7 17. exf6 Bxf6 18. Bf4 e5 19. Nxd5 Qb7 20. Nxb6 Qxb6 21. dxe5
Be7 22. Bxc6 Rc8 23. Rc1 Bb7 24. O-O Rxc6 25. Qb3 Qxb3 26. axb3 1-0

[Event "Let's Play Chess!"]
[Site "http://www.queenalice.com/game.php?id=1801905"]
[Date "2022.12.15"]
[Round "-"]
[White "Charles56"]
[Black "ilbarbierefallito"]
[Result "1-0"]
[WhiteElo "1768"]
[BlackElo "1584"]

1. d4 d5 2. Nc3 c6 3. Bg5 h6 4. Bh4 Nf6 5. h3 e6 6. Nf3 Be7 7. e3 O-O 8. Bd3 b5
9. a3 Nbd7 10. Qe2 Nb6 11. Ne5 Bb7 12. g4 Nc4 13. Bxc4 bxc4 14. f4 Nd7 15. Bxe7
Qxe7 16. h4 Nxe5 17. fxe5 c5 18. g5 cxd4 19. exd4 f6 20. gxf6 gxf6 21. Rg1+ Kh7
22. exf6 Qxf6 23. O-O-O Qxh4 24. Qxe6 1-0

[Event "Let's Play Chess!"]
[Site "http://www.queenalice.com/game.php?id=1802101"]
[Date "2022.12.18"]
[Round "-"]
[White "Scar"]
[Black "ilbarbierefallito"]
[Result "0-1"]
[WhiteElo "1652"]
[BlackElo "1575"]

1. e4 c5 2. c3 Nc6 3. Bb5 d6 4. Ne2 Nf6 5. Bxc6+ bxc6 6. d3 e5 7. c4 Be7 8. Bd2
O-O 9. Ng3 d5 10. Qe2 dxe4 11. Nxe4 Qd4 12. Bc3 Qd8 13. Bxe5 Nxe4 14. Qxe4 Re8
15. Qxc6 Bf5 16. O-O Qxd3 17. Qxc5 Bxc5 18. Bg3 Qxc4 19. Nd2 Qe2 20. Rad1 Rad8
21. Bf4 Bc2 22. Rfe1 Rxd2 23. Bxd2 Bxd1 24. Rxe2 Rxe2 25. Be3 Re1# 0-1

[Event "Let's Play Chess!"]
[Site "http://www.queenalice.com/game.php?id=1802102"]
[Date "2022.12.18"]
[Round "-"]
[White "ilbarbierefallito"]
[Black "Scar"]
[Result "1-0"]
[WhiteElo "1594"]
[BlackElo "1615"]

1. d4 d5 2. Nf3 Nc6 3. e3 Bd7 4. Be2 e5 5. dxe5 Qe7 6. Qxd5 Rd8 7. Qb3 Nxe5 8.
Nxe5 Be6 9. Qc3 f6 10. Nf3 c6 11. Nd4 a5 12. Nxe6 Qxe6 13. Qxa5 Be7 14. O-O Bd6
15. Qh5+ g6 16. Qf3 Ne7 17. Nc3 O-O 18. b3 f5 19. Bc4 Nd5 20. Nxd5 Kg7 21. Bb2+
Be5 22. Nc7 Qf6 23. Ne6+ Kh8 24. Bxe5 Qxe5 25. Nxf8 Rxf8 26. Rad1 b5 27. Be2 Qc5
28. Rd7 Qxc2 29. Qh3 h5 30. Bxh5 g5 31. Bg6+ 1-0

[Event "Let's Play Chess!"]
[Site "http://www.queenalice.com/game.php?id=1802509"]
[Date "2022.12.24"]
[Round "-"]
[White "ilbarbierefallito"]
[Black "alterego"]
[Result "1-0"]
[WhiteElo "1592"]
[BlackElo "1632"]

1. c4 g6 2. Nc3 Bg7 3. d4 Nf6 4. Nf3 O-O 5. e4 a6 6. Be2 e6 7. O-O c6 8. b4 b5
9. cxb5 cxb5 10. Bg5 Qb6 11. Bxf6 Bxf6 12. e5 Bg7 13. Ne4 Nc6 14. Qb1 Bb7 15.
Nd6 Nxd4 16. Nxd4 Qxd4 17. Nxb7 Bxe5 18. Nc5 d5 19. Nd7 Bg7 20. Nxf8 Rxf8 21.
Qc1 Qe4 22. Bf3 Qh4 23. Rb1 Bh6 24. Qc6 Bd2 25. a3 Bg5 26. Qxa6 Bf6 27. Qxb5 Be5
28. g3 Qh3 29. a4 Kg7 30. a5 f5 31. Bg2 Qg4 32. a6 Qd4 33. Qc5 Qd3 34. a7 Qa3
35. Qa5 Qxa5 36. bxa5 Bd4 37. Rb7+ Kh6 38. Rc1 Ra8 39. Rcc7 Be5 40. Rc6 Bd4 41.
Rcb6 Bxb6 42. axb6 d4 43. Rb8 d3 44. Bf3 Kg5 45. Bd1 e5 46. Rxa8 1-0

[Event "Challenge"]
[Site "http://www.queenalice.com/game.php?id=1803602"]
[Date "2023.1.9"]
[Round "-"]
[White "Scar"]
[Black "ilbarbierefallito"]
[Result "1-0"]
[WhiteElo "1620"]
[BlackElo "1549"]

1. e4 c5 2. c3 e6 3. d4 cxd4 4. cxd4 d6 5. Bd3 Ne7 6. Be3 g6 7. f4 Nbc6 8. Nc3
Bg7 9. Nge2 O-O 10. g4 Nb4 11. Bb1 e5 12. fxe5 dxe5 13. d5 a5 14. a3 Na6 15. Bd3
Bxg4 16. h3 Bxe2 17. Qxe2 f5 18. exf5 Nxf5 19. Bf2 Nd6 20. O-O-O e4 21. Bxe4 Nf7
22. Rdg1 Ne5 23. Bd4 b6 24. Rg3 Nd7 25. Bxg7 Kxg7 26. Qh5 Nf6 27. Qf3 Nh5 28.
Qxh5 Nc5 29. Bxg6 hxg6 30. Qxg6+ 1-0

[Event "Escacs 76"]
[Site "http://www.queenalice.com/game.php?id=1803788"]
[Date "2023.1.13"]
[Round "-"]
[White "ilbarbierefallito"]
[Black "alterego"]
[Result "0-1"]
[WhiteElo "1536"]
[BlackElo "1544"]

1. Nc3 g6 2. b3 Bg7 3. Bb2 Nf6 4. d4 d5 5. Qd3 O-O 6. O-O-O a5 7. h4 Ng4 8. Nh3
b5 9. f3 Nf6 10. Nxb5 Ba6 11. a4 c6 12. g4 Nbd7 13. Qd2 cxb5 14. axb5 Bxb5 15.
g5 Nh5 16. Bg2 Bh8 17. f4 Ng7 18. Bxd5 Ra6 19. Bf3 Nf5 20. e4 Ng3 21. Rhg1 Nh5
22. c4 Bc6 23. d5 Ba8 24. Bxh5 gxh5 25. Qe2 Nc5 26. Rg3 Qd6 27. Qxh5 Qg6 28. Qg4
Nxb3+ 29. Rxb3 Qxe4 30. Bxh8 Qxc4+ 31. Rc3 Qb4 32. Bd4 Rd6 0-1

[Event "AUTO-INT-3802"]
[Site "http://www.queenalice.com/game.php?id=1806407"]
[Date "2023.2.20"]
[Round "1"]
[White "ilbarbierefallito"]
[Black "OnlyJoking"]
[Result "1/2-1/2"]
[WhiteElo "1538"]
[BlackElo "1510"]

1. e4 e6 2. d4 d5 3. exd5 exd5 4. Nf3 Bd6 5. Be2 h6 6. O-O Nc6 7. Nc3 Nf6 8. a3
a6 9. Re1 Be6 10. b4 b5 11. Nd2 Nxd4 12. Nb3 Nxb3 13. cxb3 c6 14. Bf3 Kf8 15.
Ne2 Qc7 16. g3 Qd7 17. Nd4 Re8 18. Nxe6+ Rxe6 19. Bb2 Rxe1+ 20. Qxe1 Qe6 21.
Qxe6 fxe6 22. Bxf6 gxf6 23. Rc1 c5 24. bxc5 Bc7 25. a4 bxa4 26. bxa4 a5 27. Rb1
Ke7 28. Rb7 Kd7 29. Be2 Kc6 30. Rb5 Rb8 31. Kg2 Rxb5 32. Bxb5+ Kxc5 33. Kf3 Kd6
34. Ke3 Ke7 35. h4 Bb6+ 36. Ke2 Kd6 37. f3 1/2-1/2

[Event "AUTO-INT-3802"]
[Site "http://www.queenalice.com/game.php?id=1806408"]
[Date "2023.2.20"]
[Round "1"]
[White "OnlyJoking"]
[Black "ilbarbierefallito"]
[Result "0-1"]
[WhiteElo "1511"]
[BlackElo "1537"]

1. e4 c5 2. Nf3 d6 3. c3 Nc6 4. d4 cxd4 5. Nxd4 e5 6. Nxc6 bxc6 7. Be2 Nf6 8.
Bg5 Be7 9. Bxf6 Bxf6 10. O-O O-O 11. Nd2 d5 12. exd5 cxd5 13. Re1 Be6 14. Bg4
Qd7 15. Bxe6 Qxe6 16. Nb3 Rfd8 17. Qc2 Qb6 18. Rad1 a5 19. a4 Rab8 20. Re2 Qxb3
21. Qxb3 Rxb3 22. Rdd2 e4 23. f3 exf3 24. gxf3 Bg5 25. Rxd5 h6 26. Rxd8+ Bxd8
27. Re8+ Kh7 28. Rxd8 Rxb2 29. Rc8 Ra2 30. Rc4 g5 31. h4 Kg6 32. hxg5 hxg5 33.
Rd4 f5 34. Rc4 Kh5 35. Rd4 g4 36. fxg4+ fxg4 37. Rd5+ Kh4 38. Rd3 g3 39. Rd4+
Kh3 0-1

[Event "AUTO-INT-3802"]
[Site "http://www.queenalice.com/game.php?id=1806409"]
[Date "2023.2.20"]
[Round "1"]
[White "ilbarbierefallito"]
[Black "TammieM3ENF"]
[Result "1-0"]
[WhiteElo "1536"]
[BlackElo "1194"]

1. e4 d5 2. exd5 c6 3. dxc6 bxc6 4. Nf3 e5 5. d3 Bd6 6. Be2 Be6 7. O-O c5 8. Nc3
Nf6 9. Nb5 Bd7 10. Nxd6+ Ke7 11. Nxe5 Kxd6 12. Nxf7+ Ke7 13. Nxd8 Kxd8 14. Bf3
g5 15. Bxg5 Rf8 16. Bxa8 a5 17. Qf3 Nc6 18. Bxc6 a4 19. Qd5 c4 20. Qxd7# 1-0

[Event "AUTO-INT-3802"]
[Site "http://www.queenalice.com/game.php?id=1806410"]
[Date "2023.2.20"]
[Round "1"]
[White "TammieM3ENF"]
[Black "ilbarbierefallito"]
[Result "0-1"]
[WhiteElo "1257"]
[BlackElo "1552"]

1. d4 d5 2. e4 Nc6 3. Bd3 Nxd4 4. c3 Nc6 5. Be3 dxe4 6. f3 Qxd3 7. Nd2 Qxe3+ 8.
Ne2 exf3 9. gxf3 Bf5 10. b4 Bd3 11. Rg1 Qxe2+ 12. Qxe2 Bxe2 13. Kxe2 O-O-O 14.
Rad1 Ne5 15. c4 Nf6 16. c5 Nd3 17. b5 Nxc5 18. a4 Nxa4 19. f4 Nc3+ 20. Ke1 Nxd1
21. Kxd1 Ne4 22. Re1 Rxd2+ 23. Kc1 f5 24. h3 e5 25. fxe5 Ba3+ 26. Kb1 Nc3+ 27.
Ka1 Bb2# 0-1

[Event "AUTO-INT-3802"]
[Site "http://www.queenalice.com/game.php?id=1806411"]
[Date "2023.2.20"]
[Round "1"]
[White "ilbarbierefallito"]
[Black "Rocio"]
[Result "1-0"]
[WhiteElo "1566"]
[BlackElo "1432"]

1. d4 d5 2. Nf3 h6 3. e3 Bf5 4. Be2 e6 5. O-O Bd6 6. Nc3 Nf6 7. Nb5 Bb4 8. c3
Be7 9. c4 dxc4 10. Bxc4 Nc6 11. Nh4 Bg4 12. Nf3 Ne4 13. h3 Bxf3 14. Qxf3 Ng5 15.
Qf4 Rc8 16. a3 a6 17. Nc3 b5 18. Be2 a5 19. Bxb5 O-O 20. Bxc6 Rb8 21. Nb5 Rxb5
22. Bxb5 Qd5 23. Qxc7 Bf6 24. Qc6 Nxh3+ 25. gxh3 Qg5+ 26. Kh2 e5 27. Qg2 exd4
28. Qxg5 hxg5 29. exd4 Be7 30. d5 g6 31. Bd2 Kh7 32. Bxa5 Bd6+ 33. Kh1 Be5 34.
Bc3 Bd6 35. Bb4 Rd8 36. Bxd6 Rxd6 37. Bc6 Kh6 38. a4 Kh5 39. a5 Rd8 40. a6 Kh4
41. Kg2 f5 42. a7 f4 43. a8=Q Rxa8 44. Rxa8 g4 45. Rh8+ Kg5 46. d6 f3+ 47. Kg3
Kf5 48. d7 Ke5 49. d8=Q gxh3 50. Rf8 Ke6 51. Re1# 1-0

[Event "AUTO-INT-3802"]
[Site "http://www.queenalice.com/game.php?id=1806412"]
[Date "2023.2.20"]
[Round "1"]
[White "Rocio"]
[Black "ilbarbierefallito"]
[Result "0-1"]
[WhiteElo "1408"]
[BlackElo "1556"]

1. e4 c5 2. Bc4 d6 3. Nf3 Nc6 4. a3 Nf6 5. Ng5 Ne5 6. d3 Nxc4 7. Nc3 Ne5 8. Nb5
a6 9. Nc3 Bg4 10. f3 Bd7 11. f4 Nc6 12. e5 dxe5 13. fxe5 Nxe5 14. Qe2 Nc6 15.
Be3 h6 16. Nf3 b6 17. O-O-O e6 18. h3 Be7 19. Rhf1 O-O 20. Nh4 Nd4 21. Qf2 Nf5
22. Bf4 Nxh4 23. Qxh4 Nd5 24. Qg3 Nxf4 25. Qxf4 Bg5 26. Qxg5 Qxg5+ 27. Kb1 Qxg2
28. Ka2 Qxh3 29. Ne4 Bc6 30. Nf2 Qf5 31. Rd2 Rfd8 32. Re1 Qf4 33. Ree2 Bf3 34.
Nh3 Qg3 35. Nf2 Bxe2 36. Rxe2 Qf3 37. Re1 Qxf2 38. Rc1 Qd2 39. Kb1 Rd5 40. b4
cxb4 41. axb4 Qxb4+ 42. Ka2 Ra5# 0-1

[Event "AUTO-INT-3802"]
[Site "http://www.queenalice.com/game.php?id=1813055"]
[Date "2023.6.3"]
[Round "2"]
[White "ilbarbierefallito"]
[Black "Connor"]
[Result "0-1"]
[WhiteElo "1539"]
[BlackElo "1622"]

1. e4 e5 2. Nc3 d6 3. Nf3 Be7 4. Nd5 Nf6 5. Nxe7 Qxe7 6. d3 Nc6 7. Be2 O-O 8.
O-O a6 9. c4 Bd7 10. Qd2 Bg4 11. h3 Bxf3 12. Bxf3 Nd4 13. Bd1 c5 14. Qg5 Ne6 15.
Qg3 g6 0-1

[Event "AUTO-INT-3802"]
[Site "http://www.queenalice.com/game.php?id=1813056"]
[Date "2023.6.3"]
[Round "2"]
[White "Connor"]
[Black "ilbarbierefallito"]
[Result "1-0"]
[WhiteElo "1635"]
[BlackElo "1526"]

1. d4 d5 2. e3 Nf6 3. Nf3 Nc6 4. c4 e6 5. Nc3 Be7 6. cxd5 exd5 7. Bb5 O-O 8.
Bxc6 bxc6 9. O-O c5 10. dxc5 Bxc5 11. a3 Bb6 12. b4 Bb7 13. h3 a5 14. bxa5 Bxa5
15. Bb2 1-0

[Event "AUTO-INT-3802"]
[Site "http://www.queenalice.com/game.php?id=1813057"]
[Date "2023.6.3"]
[Round "2"]
[White "ilbarbierefallito"]
[Black "tche_elvio"]
[Result "0-1"]
[WhiteElo "1577"]
[BlackElo "1482"]

1. e4 e5 2. Nc3 a6 3. Nf3 d6 4. d4 h6 5. dxe5 Be6 6. exd6 Bxd6 7. e5 Bb4 8.
Qxd8+ Kxd8 9. Bd2 Nc6 10. a3 Ba5 11. Ne4 Bxd2+ 12. Nexd2 Nge7 13. O-O-O Nf5 0-1

[Event "AUTO-INT-3802"]
[Site "http://www.queenalice.com/game.php?id=1813058"]
[Date "2023.6.3"]
[Round "2"]
[White "tche_elvio"]
[Black "ilbarbierefallito"]
[Result "1-0"]
[WhiteElo "1502"]
[BlackElo "1557"]

1. e4 c5 2. Nf3 d6 3. c3 Nc6 4. d3 Nf6 5. Be2 e5 6. O-O Be7 7. h3 O-O 8. Bd2 Qb6
9. b3 Rd8 10. d4 Nxe4 11. Bd3 Nxd2 12. Nbxd2 cxd4 13. Nc4 1-0

[Event "Let's Play Chess!"]
[Site "http://www.queenalice.com/game.php?id=1813879"]
[Date "2023.6.16"]
[Round "-"]
[White "ilbarbierefallito"]
[Black "The_knight"]
[Result "0-1"]
[WhiteElo "1514"]
[BlackElo "1775"]

1. e4 e5 2. Nc3 Nf6 3. Nf3 Nc6 4. Be2 d5 5. exd5 Nxd5 6. Nxd5 Qxd5 7. O-O Bf5 8.
c4 Qd6 9. Re1 O-O-O 10. a3 e4 11. Nh4 Be6 12. Bg4 h5 13. Nf5 Qe5 14. Bh3 Bxf5
15. Bxf5+ Qxf5 16. b4 Ne5 17. Qe2 Nd3 18. Rf1 h4 19. h3 Bd6 20. c5 Be5 21. Qg4
Qxg4 22. hxg4 Bxa1 0-1

[Event "Let's Play Chess!"]
[Site "http://www.queenalice.com/game.php?id=1813880"]
[Date "2023.6.16"]
[Round "-"]
[White "The_knight"]
[Black "ilbarbierefallito"]
[Result "1-0"]
[WhiteElo "1781"]
[BlackElo "1508"]

1. d4 d5 2. Nf3 Nc6 3. c4 e6 4. Nc3 Nf6 5. e3 Be7 6. a3 O-O 7. b4 a6 8. Qc2 b6
9. Bb2 a5 10. b5 Na7 11. cxd5 exd5 12. Bd3 c6 13. bxc6 Nxc6 14. O-O Bb7 15. Rfc1
Ba6 16. Bxa6 Rxa6 17. Nb5 Nb8 18. Ne5 Nfd7 19. Rab1 Nxe5 20. dxe5 Nd7 21. Rd1
Nxe5 22. Bxe5 Re8 23. Qb2 f6 24. Bg3 1-0

[Event "Let's Play Chess!"]
[Site "http://www.queenalice.com/game.php?id=1815425"]
[Date "2023.7.1"]
[Round "-"]
[White "ilbarbierefallito"]
[Black "alterego"]
[Result "1-0"]
[WhiteElo "1503"]
[BlackElo "1454"]

1. e4 g6 2. e5 e6 3. d4 Bg7 4. Nf3 Ne7 5. Be2 a5 6. O-O c6 7. Nc3 b5 8. Ne4 Nd5
9. Nd6+ Ke7 10. Bg5+ f6 11. exf6+ Bxf6 12. Bxf6+ Nxf6 13. Nxc8+ Qxc8 14. b3 Kf7
15. c4 b4 16. a3 Re8 17. axb4 Ne4 18. Qc2 Nf6 19. bxa5 Na6 20. Ra4 d5 21. b4 Rb8
22. Rb1 Ng4 23. Ng5+ Kg7 24. Bxg4 Nc7 25. Qd3 Qa6 26. Qh3 Qxc4 27. Qxh7+ Kf8 28.
Qf7# 1-0

[Event "Let's Play Chess!"]
[Site "http://www.queenalice.com/game.php?id=1815426"]
[Date "2023.7.1"]
[Round "-"]
[White "alterego"]
[Black "ilbarbierefallito"]
[Result "0-1"]
[WhiteElo "1457"]
[BlackElo "1517"]

1. d4 d5 2. g3 Nf6 3. Nf3 Nc6 4. Bg2 e6 5. a3 Be7 6. b4 O-O 7. c3 Qd6 8. Bf4 Qd7
9. Nbd2 Bd6 10. Bxd6 Qxd6 11. O-O e5 12. dxe5 Nxe5 13. Nxe5 Qxe5 14. Nf3 Qxc3
15. Nd4 c5 16. bxc5 Qxc5 17. Nb3 Qd6 18. Nd4 Rd8 19. Nb5 Qc5 20. a4 a6 21. Na3
b5 22. e4 Bg4 23. Qd2 dxe4 24. Qf4 Rd4 25. Rac1 Qxa3 26. f3 Qxa4 27. fxg4 Rad8
28. Ra1 Qc4 29. Rac1 Qe6 30. Rc3 Nd5 31. Qxf7+ Qxf7 32. Rxf7 Kxf7 33. Ra3 b4 34.
Rxa6 b3 0-1